| 000 | 00491nam a22001817a 4500 | ||
|---|---|---|---|
| 999 |
_c525493 _d525493 |
||
| 003 | NUST | ||
| 005 | 20190702103207.0 | ||
| 020 | _c(Hbk) | ||
| 038 | _aM. Shaban | ||
| 082 |
_a891.4911 _bNAV |
||
| 100 |
_aNaveed Shahzad _916396 |
||
| 245 |
_aTarai mainoun takdai naien / _cNaveed Shahzad |
||
| 260 |
_aLahore : _bSaad publications, _c1999. |
||
| 300 | _a112 p. ; | ||
| 880 |
_6100-01\r _aنوید شہزاد |
||
| 880 |
_6245-02\r _aتارے مینون تکدے نیں / |
||
| 942 |
_2ddc _cBK |
||